00479 2200181 4500001002100000005001500021008004100036020002200077035001900099041000700118082001100125090001700136100001300153245005100166260002400217300003400241650002200275INLIS00000000000866520241224113704241224||||||||| | ||| |||| || |  a978-979-054-280-8 0010-1224008665 aid0 a616.84 a616.84 AMI m0 aAminudin00aMenjaga Kebersihan Rambut, Hidung, dan Telinga aBogorbQuadrac2010 a25x17 cm, vi, 82 hlm.; ilus.: 0aIlmu-ilmu terapan